| 000 | 00413nam a2200169Ia 4500 | ||
|---|---|---|---|
| 005 | 20250423101620.0 | ||
| 008 | 250422s9999 xx 000 0 und d | ||
| 020 | _a978-978-909-853-8 | ||
| 050 | _aTK 5104 .O38/ | ||
| 100 | _aOgundele, A. Daniel Ayansola | ||
| 245 | 0 | _aUnderstanding satellite communications | |
| 260 | _aAbuja | ||
| 260 | _c2010 | ||
| 300 | _a428 p | ||
| 650 | _aEngineering | ||
| 942 | _cBK | ||
| 999 |
_c36764 _d36764 |
||